ბათუმის შოთა რუსთაველის სახელმწიფო უნივერსიტეტის ბიბლიოთეკა

Prime Time 4. Workbook &Grammar Book (ბიბ.ჩანაწერი № 49506)

000 -LEADER
fixed length control field 00701nam a2200277Ia 4500
001 - CONTROL NUMBER
control field 16435
003 - CONTROL NUMBER IDENTIFIER
control field GE_BSU
008 - FIXED-LENGTH DATA ELEMENTS--GENERAL INFORMATION
fixed length control field 181216s||||||||xx |||||||||||||| ||und||
020 ## - INTERNATIONAL STANDARD BOOK NUMBER
International Standard Book Number 9781471500220
040 ## - CATALOGING SOURCE
Transcribing agency GE_BSU
080 ## - UNIVERSAL DECIMAL CLASSIFICATION NUMBER
Universal Decimal Classification number 811.111(076)
100 ## - MAIN ENTRY--PERSONAL NAME
Personal name Evans Virginia,Jenny Dooley
245 ## - TITLE STATEMENT
Title Prime Time 4. Workbook &Grammar Book
245 ## - TITLE STATEMENT
Remainder of title Workbook &Grammar Book
260 ## - PUBLICATION, DISTRIBUTION, ETC.
Place of publication, distribution, etc. Newbury
260 ## - PUBLICATION, DISTRIBUTION, ETC.
Name of publisher, distributor, etc. Express publishing
260 ## - PUBLICATION, DISTRIBUTION, ETC.
Date of publication, distribution, etc. 2012
300 ## - PHYSICAL DESCRIPTION
Extent 160p,ill,30cm
653 ## - INDEX TERM--UNCONTROLLED
Uncontrolled term grammar
653 ## - INDEX TERM--UNCONTROLLED
Uncontrolled term Prime Time 4
653 ## - INDEX TERM--UNCONTROLLED
Uncontrolled term Workbook &Grammar Book
653 ## - INDEX TERM--UNCONTROLLED
Uncontrolled term გრამატიკა
653 ## - INDEX TERM--UNCONTROLLED
Uncontrolled term ინგლისური
942 ## - ADDED ENTRY ELEMENTS (KOHA)
Koha item type წიგნი
ეგზემპლარები
Withdrawn status Lost status Damaged status Not for loan Date acquired Barcode Date last seen Price effective from Koha item type
        2018-12-17 40358 2018-12-17 2018-12-17 წიგნი
        2018-12-17 40364 2018-12-17 2018-12-17 წიგნი
        2018-12-17 40365 2018-12-17 2018-12-17 წიგნი